| 000 | 00763nam a2200217 a 4500 | ||
|---|---|---|---|
| 003 | 0 | ||
| 005 | 20250214091606.0 | ||
| 008 | 130828s19uu xx 00 eng d | ||
| 050 |
_aPGS QK 898.N6 _b.M357 2013 |
||
| 100 | _aMarquez, Joaquin Mikael V. | ||
| 245 |
_aGrowing mongo plants with earthworms / _cJoaquin Mikael V. Marquez. |
||
| 260 |
_aLas PiƱas City, Philippines : _bSouthville International School and Colleges, _c2013. |
||
| 300 |
_a23 pages : _billustrations ; _c28 cm. |
||
| 504 | _aIncludes bibliographical references. | ||
| 650 |
_aMung bean _vGrowth. |
||
| 650 |
_aEarthworms _vEffect on soils. |
||
| 650 | _aEggshells as fertilizer. | ||
| 650 |
_aMung bean _vSoil properties. |
||
| 650 |
_aSoil amendments _vOrganic. |
||
| 942 |
_2lcc _cPASS |
||
| 999 |
_c98999 _d98999 |
||